01017nab a22002057a 4500003000400000005001700004008004100021040000700062100002400069245012700093260007300220300001300293500004400306505012500350505009000475650004000565650004000605650002600645773014000671OSt20250909101802.0190604e xxu||||| |||| 00| 0 spa d cPJ aVillata, Ricardo A.13aModificaciones en materia de acceso a la información pública : comentario al dec. PEN 780/2024 /cRicardo A. Villata.  aCiudad Autónoma de Buenos Aires :bThomson Reuters La Ley, c2025. ap. 36-44 aCita Online: TR LALEY AR/DOC/286/2025.  aSumario: I. Consideraciones introductorias.— II. Los cambios producidos por la norma.— III. Comentarios conclusivos. t¿Te interesa el texto completo? Solicitalo al correo: koha@justierradelfuego.gov.ar  0aACCESO A LA INFORMACIÓN PÚBLICA 0aPUBLICIDAD DE LOS ACTOS DE GOBIERNO 0aDECRETO REGLAMENTARIO0 02714dCiudad Autónoma de Buenos Aires : Thomson Reuters La Ley, 2014-tRevista anales de legislación argentina. Nº 4 - Abril 2025.